书目信息 |
| 题名: |
国际共产主义运动历史文献
|
|
| 作者: | 王学东 主编 ;陈新明 卷主编 | |
| 分册: | 第49卷 共产国际执行委员会第十次全会文献 | |
| 出版信息: | 北京 中央编译出版社 2012.12 |
|
| 页数: | 445页 | |
| 开本: | 24cm | |
| 丛书名: | ||
| 单 册: | ||
| 中图分类: | D165 , D125 | |
| 科图分类: | ||
| 主题词: | 国际共产主义运动史--guo ji gong chan zhu yi yun dong shi--史料 | |
| 电子资源: | ||
| ISBN: | 978-7-5117-1545-6 | |
| 000 | 01156nam0 2200289 450 | |
| 001 | 2159538882 | |
| 005 | 20211012165345.02 | |
| 010 | @a978-7-5117-1545-6@b精装@dCNY170.00 | |
| 100 | @a20140429d2012 em y0chiy50 ea | |
| 101 | 0 | @achi |
| 102 | @aCN@b110000 | |
| 105 | @ay z 000yy | |
| 106 | @ar | |
| 200 | 1 | @a国际共产主义运动历史文献@Aguo ji gong chan zhu yi yun dong li shi wen xian@h第49卷@i共产国际执行委员会第十次全会文献@h1@f王学东主编@g陈新明本卷主编 |
| 210 | @a北京@c中央编译出版社@d2012.12 | |
| 215 | @a445页@d24cm | |
| 300 | @a中央编译局文库 国家“十二五”重点图书 国家出版基金项目 | |
| 330 | @a本书收录了共产国际执行委员会第十次全会1929年7月3-19日的会议记录。 | |
| 517 | 1 | @a共产国际执行委员会第十次全会文献@Agong chan guo ji zhi hang wei yuan hui di shi ci quan hui wen xian |
| 601 | 02 | @a共产国际@Agong chan guo ji@x扩大会议@x会议文献 |
| 606 | 0 | @a国际共产主义运动史@Aguo ji gong chan zhu yi yun dong shi@j史料 |
| 690 | @aD165@v5 | |
| 690 | @aD125@v5 | |
| 701 | 0 | @a王学东@Awang xue dong@4主编 |
| 702 | 0 | @a陈新明@Achen xin ming@f(1957-)@4卷主编 |
| 801 | 0 | @aCN@b百万庄@c20211009 |
| 905 | @b1308404-07@dD165@e22(49)@f4 | |
| 国际共产主义运动历史文献.第49卷.共产国际执行委员会第十次全会文献.1/王学东主编/陈新明本卷主编.-北京:中央编译出版社,2012.12 |
| 445页;24cm |
| 中央编译局文库 国家“十二五”重点图书 国家出版基金项目 |
| ISBN 978-7-5117-1545-6(精装):CNY170.00 |
| 本书收录了共产国际执行委员会第十次全会1929年7月3-19日的会议记录。 |
| ● |
| 相关链接 |
|
|
|
|
正题名:国际共产主义运动历史文献
索取号:D165/22(49)
 
预约/预借
| 序号 | 登录号 | 条形码 | 馆藏地/架位号 | 状态 | 备注 |
| 1 | 1308404 | 213084044 | 第一样本阅览室/ [索取号:D165/22(49)] | 在馆 | |
| 2 | 1308405 | 213084053 | 第一借阅区/ [索取号:D165/22(49)] | 在馆 | |
| 3 | 1308406 | 213084062 | 第一借阅区/ [索取号:D165/22(49)] | 在馆 | |
| 4 | 1308407 | 213084071 | 第一借阅区/ [索取号:D165/22(49)] | 在馆 |